| 000 | 00495nam a2200205 a 4500 | ||
|---|---|---|---|
| 999 |
_c4762 _d4762 |
||
| 001 | 4762 | ||
| 003 | BD-JhCC | ||
| 005 | 20171203131727.0 | ||
| 008 | 171203b1969 p |||| || | 000 0 eng d | ||
| 035 | _a(BD-JhCC)4762 | ||
| 040 |
_aBD-JhCC _dBD-JhCC |
||
| 041 | _aeng | ||
| 082 |
_a915.490305 _bCON 1969 |
||
| 245 |
_aContemporary Affairs / _cJamal-ud-Din Ahmed ( Editor) |
||
| 260 |
_apakistan : _c1969. |
||
| 300 |
_a138 p. : _c25 cm. |
||
| 490 | _vv-1 | ||
| 942 |
_2ddc _cBK |
||